000 00472nam a2200181Ia 4500
008 090201s9999 xx 000 0 und d
010 _aKPL-73702
040 _bइंग्रजी
041 _aइंग्रजी
082 _a55540
_b73702
100 _asanjivani bhalsingh
245 _aSane Guruji
_csanjivani bhalsingh
250 _a1
260 _c2005
_bvishal publication
300 _a40
_bमध्यम
600 _aSane Guruji
942 _cBOOK
999 _c251796
_d251796